000 00218 a2200109 4500
020 _a9781595727442
041 _aspa
100 _aValeri Gorbachev
245 _aCuando alguien tiene miedo
942 _cBK
952 _71
999 _c24165
_d24165